[Event "Lost Boys Open"]
[Site "Amsterdam NED"]
[Date "2002.08.03"]
[Round "9"]
[White "Strating,S"]
[Black "Pedersen,NV"]
[Result "0-1"]
[WhiteElo "2341"]
[BlackElo "2458"]

1.d4 Nf6 2.c4 e6 3.Nf3 b6 4.a3 Ba6 5.e3 Be7 6.Be2 c5 7.Nc3 cxd4 8.Nxd4 Bb7
9.Bf3 Nc6 10.O-O O-O 11.b3 Rb8 12.Ndb5 a6 13.Nd6 Ba8 14.Ra2 Bxd6 15.Qxd6 Na5
16.Bd1 Qc8 17.Bd2 Qc5 18.Qxc5 bxc5 19.Na4 Nxb3 20.Bxb3 Rxb3 21.Nxc5 Rb6 22.Bb4 Rc8
23.Na4 Rbb8 24.c5 Nd5 25.Ba5 Rb5 26.Bd2 f5 27.f3 Bc6 28.Kf2 Rb3 29.Nb6 Nxb6
30.cxb6 Bd5 31.Rc1 Rxc1 32.Bxc1 Rxb6 33.Rb2 Rc6 34.Bd2 Kf7 35.Kg3 Bc4 36.Rc2 e5
37.Bb4 Ke6 38.f4 d6 39.Be1 Kd5 40.Kf3 Kc5 41.Bb4+ Kb5 42.Rd2 e4+ 43.Kf2 Bd3
44.Ra2 Ka4 45.h4 a5 46.Bd2 Kb3 47.Ra1 Rc2 48.Ke1 Kb2 49.Rd1 a4 50.Bb4 Re2+
51.Kf1 Rd2+ 52.Ke1 Re2+ 53.Kf1 Rxe3+ 54.Kg1 d5 55.Rd2+ Kc1 56.Kf2 d4 57.Ra2 Bc2
58.Ra1+ Bb1 59.Bf8 g6 60.Bg7 Rd3  0-1

[Event "6th HZ Open"]
[Site "Vlissingen NED"]
[Date "2002.08.05"]
[Round "2"]
[White "Schmitz,Ma"]
[Black "Volke,K"]
[Result "0-1"]
[WhiteElo "2108"]
[BlackElo "2450"]

1.d4 Nf6 2.c4 e6 3.Nf3 b6 4.a3 c5 5.d5 exd5 6.cxd5 d6 7.Nc3 g6 8.e4 Bg7 9.Bd3 Bg4
10.Qa4+ Nfd7 11.Nd2 O-O 12.Nc4 a6 13.Qc2 b5 14.Ne3 Ne5 15.Nxg4 Nxg4 16.O-O Nd7
17.Be2 Ngf6 18.Be3 Re8 19.Rad1 b4 20.axb4 cxb4 21.Na2 Rxe4 22.Bf3 Rxe3 23.fxe3 a5
24.Qf2 Nc5 25.g4 Nfd7 26.Be2 Ne5 27.Rd4 Qe7 28.h4 Re8 29.Nc1 g5 30.h5 Ned7
31.h6 Bxh6 32.Kg2 Bg7 33.Bd3 Nxd3 34.Rxd3 Qe4+ 35.Kh3 Re7 36.Qc2 Nc5 37.b3 h5
38.Qe2 Nxd3  0-1

[Event "TUR-GEO Chess Summit"]
[Site "Ankara TUR"]
[Date "2002.08.06"]
[Round "2"]
[White "Bayram,Y"]
[Black "Gaprindashvili,V"]
[Result "1/2-1/2"]
[WhiteElo "2281"]
[BlackElo "2471"]

1.d4 e6 2.c4 Nf6 3.Nf3 b6 4.a3 Ba6 5.Qc2 Bb7 6.Nc3 c5 7.d5 exd5 8.cxd5 Nxd5
9.Bd2 Nc7 10.e4 Nc6 11.Nd5 Ne6 12.Bc3 Bd6 13.Rd1 Qb8 14.Qd2 Ncd4 15.Nxd4 cxd4
16.Bxd4 Bxd5 17.exd5 Nxd4 18.Qxd4 O-O 19.Bb5 Be5 20.Qh4 Bxb2 21.O-O Bxa3
22.Bxd7 Qd6 23.Bc6 Rac8 24.Rd4 Bb2 25.Re4 Bf6 26.Qh3 Rcd8 27.Rfe1 g6 28.Qf3 Kg7
29.g3 Qc5 30.Rf4 Rd6 31.h4 h5 32.Qb3 Qa5 33.Re3 Qd2 34.Qa3 Rdd8 35.Qxa7 Qb2
36.Kg2 g5 37.Rf5 gxh4 38.Re6 h3+ 39.Kh2 Bd4 40.Qe7 Kg8 41.Re2 Qa1 42.Rxh5 Qb1
43.Rg5+ Bg7 44.Re4 Rd6 45.Re1 Qb2 46.Re2 Qf6 47.Qxf6 Rxf6 48.Kxh3 Rb8 49.Kg4 Kf8
50.Rf5 b5 51.Rxf6 Bxf6 52.Kf5 Be7 53.Ke5 Rb6 54.Rb2 b4 55.Rb3 Bc5 56.f4 Ke7
57.g4 Ra6 58.Bb5 Ra1 59.g5 Rd1 60.f5 Bd4+ 61.Ke4 Bc3 62.Bd3 Re1+ 63.Kf3 Kd6
64.Rb1 Kxd5 65.Rxe1 Bxe1 66.Bc2 Kd6 67.Bb3 Ke7 68.f6+ Kf8  1/2-1/2

[Event "TUR-GEO Chess Summit"]
[Site "Ankara TUR"]
[Date "2002.08.07"]
[Round "4"]
[White "Bayram,Y"]
[Black "Gelashvili,T"]
[Result "1-0"]
[WhiteElo "2281"]
[BlackElo "2551"]

1.d4 Nf6 2.c4 e6 3.Nf3 b6 4.a3 Ba6 5.Qc2 Bb7 6.Nc3 c5 7.e4 cxd4 8.Nxd4 Nc6
9.Nb3 Be7 10.Bf4 O-O 11.O-O-O Rc8 12.Kb1 a6 13.e5 Nh5 14.Bg3 Qc7 15.Be2 Nxg3
16.hxg3 h6 17.f4 d6 18.exd6 Bxd6 19.Ne4 Rfd8 20.Nf6+ gxf6 21.Rxh6 Kf8 22.Rxf6 Kg7
23.Qc3 e5 24.Qf3 Kxf6 25.fxe5+ Ke7 26.Qf6+ Ke8 27.exd6 Rxd6 28.Rxd6 Rd8 29.Rxd8+ Nxd8
30.Qh8+ Ke7 31.Qh4+ Ke8 32.Bf3 Ne6 33.Bd5 Bc8 34.Nd4 Nxd4 35.Qxd4 Bf5+ 36.Ka2 Qxg3
37.Qxb6 Qd3 38.Qb8+ Kd7 39.Qb7+ Kd8 40.Qb6+ Ke8 41.Qc6+ Kf8 42.Qh6+ Ke7 43.Qg5+ Kf8
44.Qc1 a5 45.b3 Ke7 46.Qb2 f6 47.b4 a4 48.b5 Qd1 49.Bf3 Qg1 50.Qe2+ Kf8 51.Be4 Be6
52.Bc2 Qc1 53.b6 Bf7 54.b7 Qf4 55.Bd3 Qc7 56.Qb2 Qb8 57.Qb6 Kg7 58.Qb2 Be6
59.Qb4 f5 60.Qe7+ Bf7 61.Kb2 Qf4 62.Kc3 Qc1+ 63.Kb4 Qd2+ 64.Kxa4 Qxd3 65.b8=Q Qxc4+
66.Ka5 Qd5+ 67.Ka6 Qc6+ 68.Qb6 Qa8+ 69.Kb5 Qd5+ 70.Qbc5 Qb3+ 71.Ka5  1-0

[Event "8th Open"]
[Site "Chambery FRA"]
[Date "2002.08.07"]
[Round "6"]
[White "Salus,S"]
[Black "Vion,J"]
[Result "1-0"]
[WhiteElo "2218"]
[BlackElo "2258"]

1.d4 Nf6 2.c4 e6 3.Nf3 b6 4.a3 c5 5.d5 Ba6 6.Qc2 exd5 7.cxd5 g6 8.e4 Bxf1
9.Kxf1 Bg7 10.g3 O-O 11.Kg2 Re8 12.Nc3 d6 13.Bf4 Nh5 14.Bg5 Qd7 15.Rad1 b5
16.Rhe1 Na6 17.h3 b4 18.axb4 Nxb4 19.Qd2 c4 20.g4 Nf6 21.e5 Nxg4 22.e6 fxe6
23.hxg4 Nd3 24.dxe6 Rxe6 25.Rxe6 Qxe6 26.Nh2 Rb8 27.Rb1 Rb3 28.Qd1 Nxb2 29.Rxb2 Rxb2
30.Nd5 Qe4+ 31.Kg3 Be5+ 32.Bf4 Rb3+ 33.f3 Bxf4+ 34.Nxf4 Qe5 35.g5 h5 36.gxh6 g5
37.Qd5+ Qxd5 38.Nxd5 c3 39.Ng4 c2 40.Ngf6+ Kh8 41.Ne7  1-0

[Event "8th Open"]
[Site "Chambery FRA"]
[Date "2002.08.07"]
[Round "6"]
[White "Verbaere,P"]
[Black "Moullier,I"]
[Result "1/2-1/2"]
[WhiteElo "2059"]
[BlackElo "2023"]

1.Nf3 Nf6 2.c4 b6 3.d4 e6 4.a3 Bb7 5.Nc3 d5 6.cxd5 Nxd5 7.Qc2 Nd7 8.e4 Nxc3
9.bxc3 Be7 10.Bd3 c5 11.O-O Rc8 12.Qe2 O-O 13.Re1 Re8 14.Bb2 Nf8 15.Ne5 Ng6
16.Nxg6 hxg6 17.Rad1 Qc7 18.Qg4 e5 19.d5 c4 20.Bc2 Rcd8 21.Bc1 Bc8 22.Qg3 Bd6
23.Rf1 b5 24.f4 exf4 25.Bxf4 Bxf4 26.Qxf4 Qxf4 27.Rxf4 Re5 28.Rb1 Bd7 29.a4 a6
30.axb5 axb5 31.Ra1 f5 32.h4 fxe4 33.Bxe4 Bf5 34.Bf3 Re3 35.Rc1 Ra8 36.d6 Rd8
37.Rd4 Rd3 38.Bc6 Rxd4 39.cxd4 Rxd6 40.Bxb5 Rxd4 41.Rxc4 Rxc4 42.Bxc4+ Kh7  1/2-1/2

[Event "6th Open"]
[Site "Genova ITA"]
[Date "2002.08.08"]
[Round "7"]
[White "Plachkinova,T"]
[Black "Mola,P"]
[Result "1-0"]
[WhiteElo "2149"]
[BlackElo "2277"]

1.d4 Nf6 2.c4 e6 3.Nf3 b6 4.a3 Ba6 5.Qc2 Bb7 6.Nc3 c5 7.dxc5 bxc5 8.e3 Be7
9.Be2 Nc6 10.O-O O-O 11.Rd1 d6 12.Rb1 Rc8 13.b3 Qc7 14.Bb2 Rfd8 15.Rd2 Qb8
16.Ba1 Rd7 17.Bd3 Rcd8 18.Ne4 Ne8 19.Neg5 g6 20.Rbd1 e5 21.Be4 Nf6 22.Bd5 Bf8
23.Nxf7 Rxf7 24.Bxf7+ Kxf7 25.Ng5+ Ke7 26.f4 Bc8 27.fxe5 dxe5 28.Rxd8 Nxd8
29.Qd3 Bf5 30.Bxe5 Bxd3 31.Bxb8 Bc2 32.Rd2 Bh6 33.Bd6+ Ke8 34.Rxc2 Bxg5 35.Bxc5 Nc6
36.Kf1 Ne4 37.Bd4 Nxd4 38.exd4 Nd2+ 39.Ke2 Nxb3 40.Kd3 Na5 41.c5 Kd7 42.d5 Be7
43.Rc3 Bf8 44.Ke4 Kc7 45.d6+ Kc6 46.Rf3  1-0

[Event "6th Open"]
[Site "Genova ITA"]
[Date "2002.08.09"]
[Round "8"]
[White "Plachkinova,T"]
[Black "Guido,F"]
[Result "1/2-1/2"]
[WhiteElo "2149"]
[BlackElo "2327"]

1.d4 Nf6 2.c4 e6 3.Nf3 b6 4.a3 Ba6 5.Qc2 Bb7 6.Nc3 c5 7.dxc5 Bxc5 8.e3 O-O
9.Be2 a6 10.O-O Qc7 11.h3 Be7 12.Bd2 d6 13.Rac1 Nbd7 14.Rfd1 Rac8 15.Be1 Qb8
16.Nd4 Qa8 17.f3 d5 18.cxd5 Nxd5 19.Qd2 b5 20.Nxd5 Bxd5 21.Kh1 Nb6 22.e4 Bc4
23.Bf2 Rfd8 24.Bxc4 Nxc4 25.Qe2 g6 26.a4 Bg5 27.Ra1 b4 28.h4 Bh6 29.a5 Qb7
30.Nb3 Rxd1+ 31.Rxd1 Qb5 32.Bd4 e5 33.Bf2 Kg7 34.Rd5 Qa4 35.Nc5 Qa1+ 36.Rd1 Qxb2
37.Qxb2 Nxb2 38.Rb1 Nc4 39.Nxa6 Nxa5 40.Rxb4 Rc1+ 41.Kh2 Nc4 42.Nc7 Be3 43.Bxe3 Nxe3
44.Rb7 Kf8 45.Rb8+ Ke7 46.Rb7 Kf8 47.Rb8+ Ke7 48.Rb7  1/2-1/2

[Event "ADCF Masters"]
[Site "Abu Dhabi UAE"]
[Date "2002.08.12"]
[Round "1"]
[White "Khalid AlShaali"]
[Black "Arkhipov,S"]
[Result "0-1"]
[WhiteElo "2197"]
[BlackElo "2499"]

1.d4 Nf6 2.Nf3 e6 3.c4 b6 4.a3 c5 5.d5 Ba6 6.Qc2 exd5 7.cxd5 d6 8.Nc3 g6
9.a4 Bg7 10.g3 O-O 11.Bg2 Bb7 12.Nd2 Na6 13.O-O Nb4 14.Qb3 Re8 15.Rd1 Ba6
16.Nc4 Qd7 17.e3 Bxc4 18.Qxc4 a6 19.Qe2 Rab8 20.Ra3 Qc7 21.Na2 Nxa2 22.Rxa2 b5
23.axb5 axb5 24.Bd2 Nd7 25.Rda1 b4 26.Ra7 Rb7 27.Qa6 Rxa7 28.Qxa7 Qxa7 29.Rxa7 Nb6
30.b3 Bc3 31.Bc1 Rb8 32.Bf1 c4 33.bxc4 b3 34.Ba3 b2 35.Bd3 Nxc4  0-1

[Event "ADCF Masters"]
[Site "Abu Dhabi UAE"]
[Date "2002.08.13"]
[Round "2"]
[White "Bagirov,R"]
[Black "Dobrov,V"]
[Result "1-0"]
[WhiteElo "2516"]
[BlackElo "2443"]

1.d4 Nf6 2.c4 e6 3.Nf3 b6 4.a3 Ba6 5.Qc2 Bb7 6.Nc3 c5 7.e4 cxd4 8.Nxd4 Bc5
9.Nb3 Nc6 10.Bf4 O-O 11.Nxc5 bxc5 12.Bd6 Nd4 13.Qd1 Re8 14.e5 Qb6 15.b4 cxb4
16.c5 Qa5 17.Qxd4 bxc3 18.exf6 c2+ 19.Qb4 Qd8 20.Qxb7 Qxf6 21.Rc1 Qc3+ 22.Ke2 Rab8
23.Bxb8 Qc4+ 24.Kd2 Qd4+ 25.Kxc2 Qxc5+ 26.Kb1 Qxf2 27.Rc8 Qf5+ 28.Kc1 Qg5+
29.Kd1 Qg4+ 30.Ke1  1-0

[Event "It"]
[Site "Tel Aviv ISR"]
[Date "2002.08.14"]
[Round "5"]
[White "Zoler,D"]
[Black "Mikhalevski,A"]
[Result "1-0"]
[WhiteElo "2503"]
[BlackElo "2429"]

1.d4 Nf6 2.c4 e6 3.Nf3 b6 4.a3 Bb7 5.Nc3 d5 6.cxd5 exd5 7.g3 Be7 8.Bg2 O-O
9.O-O c5 10.Bf4 Na6 11.Rc1 Ne4 12.dxc5 Naxc5 13.Be5 Re8 14.Nb5 Bf6 15.Bxf6 Nxf6
16.b4 Ne6 17.Nfd4 Nxd4 18.Nxd4 Ne4 19.e3 Qd7 20.Bf3 a5 21.Bg4 Qe7 22.Nf5 Qf6
23.Qd4 Ba6 24.Rfd1 g6 25.Rc6 Qxd4 26.Nxd4 axb4 27.axb4 Bc4 28.Bf3 b5 29.Bxe4 dxe4
30.Rc5 Rec8 31.Nc6 Kf8 32.Kg2 Be2 33.Rd7 Re8 34.Nd4 Bd3 35.Rcc7 Bc4 36.Nxb5 Be6
37.Rd2  1-0

[Event "Saraybahce GP"]
[Site "Kocaeli TUR"]
[Date "2002.08.18"]
[Round "2"]
[White "Demirel,T"]
[Black "Jobava,Ba"]
[Result "0-1"]
[WhiteElo "2166"]
[BlackElo "2562"]

1.d4 Nf6 2.c4 e6 3.Nf3 b6 4.a3 Ba6 5.Qc2 Bb7 6.Nc3 c5 7.e4 cxd4 8.Nxd4 Nc6
9.Nxc6 Bxc6 10.Qe2 d6 11.g3 Be7 12.Bg2 Qc7 13.O-O O-O 14.b3 Rfe8 15.Bb2 a6
16.Rac1 Qb7 17.f4 Nd7 18.b4 b5 19.cxb5 axb5 20.e5 Bxg2 21.Qxg2 d5 22.Qe2 Rab8
23.Nb1 Rec8 24.Rxc8+ Rxc8 25.Rc1 Rc4 26.Nd2 Qb6+ 27.Kg2 Rxc1 28.Bxc1 Qc6
29.Nb3 d4+ 30.Kh3 Qc3 31.Qd1 d3 32.Be3 g5 33.fxg5 Qc4 34.Bf4 Qd5 35.Nc1 Nxe5
36.Bxe5 Qxe5 37.Qxd3 Bxg5 38.Ne2 Bf6 39.Nf4 h5 40.Qf3 Qf5+ 41.Kg2 h4 42.g4 Qe5
43.Kh3 Qb2 44.Ng2 Kg7 45.Qe3 Qc2 46.g5 Qf5+ 47.Kxh4 Be5 48.h3 Kg6 49.Ne1 Bd4
50.Qf3  0-1

[Event "Open"]
[Site "Birstonas LIT"]
[Date "2002.08.22"]
[Round "6"]
[White "Bercys,S"]
[Black "Krivousas,T"]
[Result "1/2-1/2"]
[WhiteElo "2174"]
[BlackElo "2238"]

1.d4 Nf6 2.c4 e6 3.Nf3 b6 4.a3 Ba6 5.Qc2 Bb7 6.Nc3 c5 7.e4 cxd4 8.Nxd4 Bc5
9.Nb3 Nc6 10.Bf4 e5 11.Bg5 h6 12.Bxf6 Qxf6 13.Nd5 Qd8 14.Bd3 Nd4 15.Nxd4 Bxd4
16.O-O Rc8 17.Qd2 Bxd5 18.cxd5 O-O  1/2-1/2

[Event "XIV Open"]
[Site "Porto San Giorgio ITA"]
[Date "2002.08.24"]
[Round "5"]
[White "Karr,JP"]
[Black "Shytaj,L"]
[Result "1/2-1/2"]
[WhiteElo "2404"]
[BlackElo "2216"]

1.d4 Nf6 2.c4 e6 3.Nf3 b6 4.a3 Bb7 5.Nc3 d5 6.cxd5 Nxd5 7.Bd2 Be7 8.Qc2 c5
9.dxc5 Bxc5 10.e4 Nxc3 11.Bxc3 O-O 12.Rd1 Qc7 13.Bd3 Nd7 14.O-O Rac8 15.Rc1 Rfd8
16.b4 Be7 17.Qe2 Qb8 18.Bb1 Nf6 19.h3 Qa8 20.Rfe1 a5 21.Qe3 axb4 22.Bxb4 Bxb4
23.axb4 b5 24.e5 Nd7 25.Rxc8 Qxc8 26.Rc1 Qb8 27.Nd4 Bd5 28.f4 Qb6 29.Kh2 g6
30.Rc3 Qb7 31.Qe2 Bc4 32.Bd3 Nb6 33.Nxb5 Rxd3 34.Rxd3 Nd5 35.Nd6 Bxd3 36.Qxd3 Qxb4
37.g3 Qb2+ 38.Kg1 Qc1+ 39.Kf2 Qb2+  1/2-1/2

[Event "Atlantic Open"]
[Site "Washington DC USA"]
[Date "2002.08.25"]
[Round "4"]
[White "Kaufman,La"]
[Black "Ivanov,AV"]
[Result "1/2-1/2"]
[WhiteElo "2411"]
[BlackElo "2552"]

1.d4 Nf6 2.c4 e6 3.Nf3 b6 4.a3 Bb7 5.Nc3 d5 6.cxd5 exd5 7.g3 c5 8.Bg2 Be7
9.O-O O-O 10.Ne5 cxd4 11.Qxd4 Bc5 12.Qa4 Qe7 13.Ng4 Ne4 14.Ne3 Nxc3 15.bxc3 Bxe3
16.Bxe3 Na6 17.Rfd1 Rfd8 18.Qg4 Nc5 19.a4 Qe6 20.Qh4 Ba6 21.Bf3 Bc4 22.Bd4  1/2-1/2

[Event "22nd Open"]
[Site "Bratto ITA"]
[Date "2002.08.26"]
[Round "7"]
[White "Romanishin,O"]
[Black "Contin,D"]
[Result "1/2-1/2"]
[WhiteElo "2559"]
[BlackElo "2334"]

1.d4 Nf6 2.Nf3 b6 3.c4 e6 4.a3 Ba6 5.e3 c5 6.Nc3 cxd4 7.exd4 d5 8.Ne5 Bd6
9.Qa4+ Kf8 10.Be2 Qe8 11.Qc2 Nbd7 12.cxd5 Bxe2 13.Qxe2 Nxd5 14.O-O Nxc3 15.bxc3 Nxe5
16.dxe5 Bc5 17.Rd1 Qc6 18.a4 h6 19.Qg4 Kg8 20.Ba3 Bxa3 21.Rxa3 Kh7 22.Rd6 Qc5
23.Qe4+ g6 24.Ra1 Qxc3 25.Rad1 Rac8 26.Qf4 Rhf8 27.h4 Qc4 28.R6d4 Qc2 29.Rd7 Rc7
30.g3 Rxd7 31.Rxd7 Qf5 32.Qxf5 gxf5 33.Rxa7 Kg7 34.Ra6 Rb8 35.Kf1 b5 36.a5 b4
37.Rb6 Ra8 38.a6 b3 39.Ke2 b2 40.Rxb2  1/2-1/2

[Event "22nd Open"]
[Site "Bratto ITA"]
[Date "2002.08.27"]
[Round "8"]
[White "Grooten,H"]
[Black "Mola,P"]
[Result "0-1"]
[WhiteElo "2375"]
[BlackElo "2277"]

1.d4 Nf6 2.c4 e6 3.Nf3 b6 4.a3 Ba6 5.Qc2 Bb7 6.Nc3 c5 7.dxc5 Bxc5 8.Bf4 O-O
9.e4 Nc6 10.O-O-O Nh5 11.Bd6 Bxd6 12.Rxd6 Qe7 13.Qd2 Rfd8 14.e5 f6 15.Be2 fxe5
16.Rd1 Nf6 17.Qg5 h6 18.Qg6 Qf7 19.Qd3 Rac8 20.h3 e4 21.Nxe4 Nxe4 22.Qxe4 Na5
23.Qh4 Nxc4 24.Bxc4 Rxc4+ 25.Qxc4 Rc8 26.Qxc8+ Bxc8 27.R1d2 Qf4 28.Rd4 Qb8
29.Rd6 Qc7+ 30.Kd1 Qc5 31.h4 Kh7 32.R6d4 a5 33.Rc2 Qf8 34.Ne5 d6 35.Nc4 Bb7
36.Nxd6 Bxg2 37.f4 Bd5 38.Nc4 Qc5 39.Rxd5 Qxd5+ 40.Kc1 Qd4 41.Kb1 a4 42.h5 b5
43.Ne5 Qxf4 44.Rc5 Qf5+ 45.Ka2 Qxh5 46.Rxb5 Qe2 47.Rc5 h5 48.Nf7 Kg6 49.Ne5+ Kf6
50.Nd7+ Ke7 51.Nb6 h4 52.Nxa4 h3 53.Nc3 Qg2 54.Rc7+ Kf6  0-1

[Event "ch-RUS"]
[Site "Krasnodar RUS"]
[Date "2002.08.27"]
[Round "1"]
[White "Kornev,Alexe"]
[Black "Grigoriants,S RUS"]
[Result "1-0"]
[WhiteElo "2567"]
[BlackElo "2490"]

1.d4 Nf6 2.c4 e6 3.Nf3 b6 4.a3 Ba6 5.Qb3 c5 6.d5 b5 7.cxb5 Bb7 8.dxe6 fxe6
9.Nc3 Be7 10.Bg5 O-O 11.e3 d5 12.Rd1 Nbd7 13.Be2 Kh8 14.O-O Qc7 15.Bf4 e5
16.Bg3 Bd6 17.Ng5 Rae8 18.Bf3 Nb6 19.Nxd5 Bxd5 20.Bxd5 Nbxd5 21.Rxd5 Nxd5
22.Qxd5 Qe7 23.Ne4 Bc7 24.Qxc5 Bb6 25.Qxe7 Rxe7 26.Rc1 Rd8 27.Kf1 Rc7 28.Rxc7 Bxc7
29.Ke2 Kg8 30.b4 Kf7 31.Nc5 Rd5 32.f3 Bd6 33.e4 Rd4 34.Nb3 Rc4 35.Kd3 Rc7
36.Bf2 Ke6 37.Be3 Be7 38.Nc5+ Bxc5 39.bxc5 Rd7+ 40.Kc4 Rd1 41.c6 a6 42.b6  1-0

[Event "ch-RUS"]
[Site "Krasnodar RUS"]
[Date "2002.08.28"]
[Round "2"]
[White "Malinin,Y"]
[Black "Aseev,K"]
[Result "0-1"]
[WhiteElo "2412"]
[BlackElo "2575"]

1.d4 Nf6 2.c4 e6 3.Nf3 b6 4.a3 Bb7 5.Nc3 Ne4 6.Nxe4 Bxe4 7.e3 c5 8.d5 exd5
9.cxd5 Be7 10.Ne5 O-O 11.f3 Bg6 12.Qb3 d6 13.Nc4 Nd7 14.e4 a6 15.Bf4 b5 16.Nxd6 Qb6
17.Nxb5 axb5 18.Qxb5 Qa7 19.Qe2 Rfe8 20.Rc1 f5 21.Rc4 fxe4 22.fxe4 Bf6 23.g3 Nb6
24.Bg2 Nxc4 25.Qxc4 Bd4  0-1

[Event "GP"]
[Site "Izmir TUR"]
[Date "2002.08.29"]
[Round "2"]
[White "Bayram,Y"]
[Black "Izoria,Z"]
[Result "0-1"]
[WhiteElo "2281"]
[BlackElo "2565"]

1.d4 e6 2.c4 Nf6 3.Nf3 b6 4.a3 Bb7 5.Nc3 d5 6.cxd5 Nxd5 7.e3 Nf6 8.Bb5+ c6
9.Bd3 c5 10.O-O Nbd7 11.dxc5 Bxc5 12.b4 Be7 13.Bb2 O-O 14.Qe2 a6 15.Rad1 b5
16.Ng5 h6 17.Nge4 Qb6 18.f4 Rad8 19.Rf3 Nxe4 20.Nxe4 f5 21.Bxg7 Kxg7 22.Rg3+ Kh7
23.Qh5 Rg8 24.Qf7+ Kh8 25.Rh3 Bf8 26.Ng5 Rxg5 27.fxg5 Ne5 28.Qf6+ Bg7 29.Qe7 Ng6
30.Qf7 Qc6 31.Rg3 Ne5 32.Qh5 Rxd3 33.gxh6 Rxd1+ 34.Qxd1 Bf6 35.h7 Qd7 36.Qe2 Bg7
37.h3 Qd6 38.Rg5 Qd3 39.Qh5 Qxe3+ 40.Kf1 Qc1+ 41.Ke2 Qc4+ 42.Kd2 Nf3+ 43.gxf3 Bc3+
44.Ke3 Bd4+ 45.Kf4 Qc1+ 46.Kg3 Qg1+ 47.Kf4 Qh2+  0-1

[Event "GM"]
[Site "Rostock GER"]
[Date "2002.08.31"]
[Round "8"]
[White "Boensch,U"]
[Black "Tischbierek,R"]
[Result "1/2-1/2"]
[WhiteElo "2540"]
[BlackElo "2523"]

1.d4 Nf6 2.Nf3 e6 3.c4 b6 4.a3 c5 5.Nc3 cxd4 6.Nxd4 a6 7.e4 d6 8.Bd3 Bb7
9.Qe2 Be7 10.f4 Nc6 11.Nxc6 Bxc6 12.O-O O-O  1/2-1/2

[Event "5th Pyramiden-Franken Cup"]
[Site "Fuerth GER"]
[Date "2002.09.07"]
[Round "8"]
[White "Farago,I"]
[Black "Wells,P"]
[Result "0-1"]
[WhiteElo "2502"]
[BlackElo "2479"]

1.d4 Nf6 2.c4 e6 3.Nf3 b6 4.a3 Bb7 5.Nc3 d5 6.cxd5 Nxd5 7.Qc2 Nxc3 8.bxc3 Be7
9.e4 O-O 10.Bd3 c5 11.O-O Qc7 12.Qe2 Nd7 13.Bd2 Rac8 14.a4 Rfd8 15.a5 c4
16.axb6 axb6 17.Bc2 Ra8 18.Ba4 Nf6 19.e5 Ne4 20.Bb5 Bd5 21.Rfb1 Ra5 22.Ne1 Qa7
23.Nc2 Ra8 24.Rxa5 bxa5 25.f3 Bc6  0-1

[Event "TCh-CRO"]
[Site "Medulin CRO"]
[Date "2002.09.11"]
[Round "3"]
[White "Bilobrk,F"]
[Black "Rade,M"]
[Result "1-0"]
[WhiteElo "2348"]
[BlackElo "2372"]

1.d4 Nf6 2.Nf3 e6 3.c4 b6 4.a3 Ba6 5.Qc2 Bb7 6.Nc3 c5 7.e4 cxd4 8.Nxd4 Bc5
9.Nb3 Nc6 10.Nxc5 bxc5 11.Bd3 e5 12.O-O d6 13.Rb1 a5 14.Bd2 O-O 15.Nb5 Qe7
16.f3 Nd7 17.Nc7 Rab8 18.Nd5 Qd8 19.Qd1 Nb6 20.Nc3 Ba6 21.Nb5 Nxc4 22.Bxc4 Bxb5
23.Bxb5 Rxb5 24.Kh1 Qb6 25.Bc3 Nd4 26.f4 f6 27.Qd3 Qb7 28.fxe5 dxe5 29.Qc4+ Rf7
30.a4 Rb3 31.Qxc5 Ne2 32.Bxa5 Qxe4 33.Qc8+ Rf8 34.Qe6+  1-0

[Event "Imre Konig Mem"]
[Site "San Francisco USA"]
[Date "2002.09.11"]
[Round "6"]
[White "Atalik,S"]
[Black "Fedorowicz,J"]
[Result "1/2-1/2"]
[WhiteElo "2551"]
[BlackElo "2509"]

1.d4 Nf6 2.c4 e6 3.Nf3 b6 4.a3 Ba6 5.Qc2 c5 6.d5 exd5 7.cxd5 g6 8.Bf4 d6
9.Nc3 Bg7 10.Qa4+ Qd7 11.Bxd6 Qxa4 12.Nxa4 Nxd5 13.O-O-O Ne7 14.e4 Bxf1 15.Rhxf1 Nbc6
16.Nc3 Bxc3 17.bxc3 O-O 18.Bxe7 Nxe7 19.Rd6 Rac8 20.Ne5 Rc7 21.Rfd1 Rfc8
22.Rf6 Nc6 23.Rxc6 Rxc6 24.Nxc6 Rxc6 25.Rd7 a6 26.Kd2 b5 27.f4 h5 28.Kd3 a5
29.Ra7 Rd6+ 30.Kc2 Re6 31.e5 f6 32.exf6 Re2+ 33.Kd3 Rxg2 34.Rxa5 Rxh2 35.Rxb5 Kf7
36.Rxc5 Kxf6 37.Ke4 Re2+ 38.Kf3 Ra2 39.Rc6+ Kf5 40.Rc5+ Kf6 41.Ra5 Rc2 42.Ra6+ Kf5
43.Ra5+ Kf6 44.Rc5 Ra2 45.Ra5  1/2-1/2

[Event "TCh-CRO"]
[Site "Medulin CRO"]
[Date "2002.09.16"]
[Round "8"]
[White "Bilobrk,F"]
[Black "Nikolac,J"]
[Result "1/2-1/2"]
[WhiteElo "2348"]
[BlackElo "2430"]

1.d4 Nf6 2.Nf3 e6 3.c4 b6 4.a3 c5 5.d5 Ba6 6.Qc2 exd5 7.cxd5 g6 8.Nc3 Bg7
9.g3 O-O 10.Bg2 d6 11.O-O Re8 12.Re1 b5 13.e4 Nbd7 14.h3 Qc8 15.Bf4 b4 16.Na4 b3
17.Qxb3 Nxe4 18.Qc2 f5 19.Nc3 Rb8 20.Rab1 Ndf6 21.Ng5 Nxg5 22.Bxg5 Nd7 23.Re6 Be5
24.Re1 Nf8 25.Rxe8 Qxe8 26.Kh1 Qc8 27.Bc1 Qd7 28.Bh6 Re8 29.Qd2 Bd4 30.Bf4 Rxe1+
31.Qxe1 Bc4 32.Kg1 Bf6 33.Qe3 Qd8 34.h4 Bd4 35.Qd2 Qe7 36.Bf1 Bxf1 37.Kxf1 Qb7
38.Kg1 Qa6 39.Qe1 Kf7 40.a4 Bxc3 41.bxc3 Qb6 42.c4 Qb4 43.Qe3 Qb8 44.Kg2 Qd8
45.Qb3 Qc7 46.Qb5 Ke7 47.Bg5+ Kf7 48.a5 Qc8 49.Bf4 Ke7 50.Bg5+ Kf7 51.Bf4 Qc7
52.Qc6 Qxc6 53.dxc6 Ke7 54.c7 Kd7 55.Bxd6 Ne6 56.Kf3 h5 57.Ke3 a6 58.f3 Kc8
59.Kf2 Kd7 60.g4 Kc8 61.gxh5 gxh5 62.Ke3 Kd7 63.Kd3 Kc8 64.Kd2 Kd7 65.Ke3 Kc8
66.Kf2 Kd7 67.Ke3  1/2-1/2

[Event "ECC"]
[Site "Halkidiki GRE"]
[Date "2002.09.23"]
[Round "2"]
[White "Banikas,H"]
[Black "Stefansson,H"]
[Result "1-0"]
[WhiteElo "2521"]
[BlackElo "2588"]

1.d4 Nf6 2.c4 e6 3.Nf3 b6 4.a3 Bb7 5.Nc3 d5 6.Bg5 Be7 7.Qa4+ c6 8.cxd5 Nxd5
9.Bxe7 Nxe7 10.e4 O-O 11.Rd1 Nd7 12.Be2 Qc7 13.O-O Rfd8 14.Rfe1 a6 15.Qb3 Rac8
16.Bc4 Qf4 17.Ne2 Qh6 18.Ng3 b5 19.Bf1 Ng6 20.Qc3 Nh4 21.Nxh4 Qxh4 22.b4 Qe7
23.e5 f5 24.exf6 Nxf6 25.Qb3 Qf7 26.Qxe6 Qxe6 27.Rxe6 Rc7 28.Nf5 Kf8 29.Nd6 Bc8
30.Nxc8 Rdxc8 31.g3 Re7 32.Re5 Nd7 33.Rf5+ Ke8 34.Rc1 Re6 35.Bh3 Re4 36.Rg5 g6
37.Rd5 Rc7 38.Rxc6  1-0

[Event "ECC"]
[Site "Halkidiki GRE"]
[Date "2002.09.24"]
[Round "3"]
[White "Sherwin,J"]
[Black "Stefansson,H"]
[Result "1/2-1/2"]
[WhiteElo "2344"]
[BlackElo "2588"]

1.d4 Nf6 2.c4 e6 3.Nf3 b6 4.a3 c5 5.d5 Ba6 6.Nc3 Bxc4 7.e4 Bxf1 8.Rxf1 Qc8
9.Bg5 Qb7 10.Qe2 Be7 11.O-O-O h6 12.Bh4 Na6 13.dxe6 fxe6 14.Ne5 g5 15.Bg3 Rh7
16.f4 O-O-O 17.fxg5 hxg5 18.Ng6 Ne8 19.Qh5 Rg7 20.Be5 Rxg6 21.Qxg6 Nb8 22.Rf7 Nc6
23.Bg3 c4 24.Rxe7 Nxe7 25.Qxg5 Nc6 26.h4 d6 27.h5 Qh7 28.Rf1 Nd4 29.Bh4 Nc6
30.Qg6 Qxg6 31.hxg6 Ne5 32.Bxd8 Kxd8 33.Rf7 Nxg6 34.Rxa7 Nf6 35.Rb7 Nd7 36.Kd2 Nf4
37.g3 Nd3 38.b4 N3e5  1/2-1/2

[Event "ECC"]
[Site "Halkidiki GRE"]
[Date "2002.09.24"]
[Round "3"]
[White "Eingorn,V"]
[Black "Agrest,E"]
[Result "1-0"]
[WhiteElo "2604"]
[BlackElo "2599"]

1.d4 Nf6 2.c4 e6 3.Nf3 b6 4.a3 Bb7 5.Nc3 g6 6.e3 Bg7 7.Bd3 O-O 8.e4 d5 9.cxd5 exd5
10.e5 Ne4 11.Qc2 Nxc3 12.bxc3 c5 13.h4 Qc8 14.h5 cxd4 15.cxd4 Ba6 16.Qb3 Bxd3
17.Qxd3 Qa6 18.Qxa6 Nxa6 19.h6 Bh8 20.Nh2 f6 21.f4 fxe5 22.fxe5 Nc7 23.Be3 Nb5
24.Kd2 Rac8 25.a4 Nc3 26.Rhc1 Ne4+ 27.Kd3 Kf7 28.Nf3 Ke6 29.Ng5+ Nxg5 30.Bxg5 Kf5
31.Be7 Rfe8 32.Rxc8 Rxc8 33.Rf1+ Ke6 34.Bd6 a6 35.g4 g5 36.Rf5 Rg8 37.Ba3 Rg6
38.Bf8 Rg8 39.Bb4 a5 40.Bd6 Rc8 41.Rxg5 Bf6 42.exf6 Kxd6 43.Re5 b5 44.axb5 a4
45.f7 Rf8 46.Rf5  1-0

[Event "ECC"]
[Site "Halkidiki GRE"]
[Date "2002.09.25"]
[Round "4"]
[White "Atalik,S"]
[Black "Chuchelov,V"]
[Result "1/2-1/2"]
[WhiteElo "2551"]
[BlackElo "2591"]

1.d4 Nf6 2.c4 e6 3.Nf3 b6 4.a3 Ba6 5.Qc2 Bb7 6.Nc3 c5 7.e4 cxd4 8.Nxd4 Nc6
9.Nxc6 Bxc6 10.Qe2 d6 11.g3 Be7 12.Bg2 O-O 13.O-O Nd7 14.Bf4 Qb8 15.Nd5 Bd8
16.Nb4 Bb7 17.Rfd1 Ne5 18.Rac1 Be7 19.Nd3 Rc8 20.Nxe5 dxe5 21.Rd7 exf4 22.Rxe7 Rc7
23.Rxc7 Qxc7 24.e5 fxg3 25.hxg3 Bxg2 26.Kxg2 g6 27.Rd1 Rc8 28.Rd4 Qc5 29.Qe4 a5
30.Qf4 b5 31.cxb5 Qxb5 32.b4 axb4 33.axb4 h5 34.Qf6  1/2-1/2

[Event "2nd Rohde Open"]
[Site "Sautron FRA"]
[Date "2002.10.01"]
[Round "7"]
[White "Koziak,V"]
[Black "Maze,S"]
[Result "1-0"]
[WhiteElo "2459"]
[BlackElo "2374"]

1.d4 Nf6 2.c4 e6 3.Nf3 b6 4.a3 Bb7 5.Nc3 Be7 6.d5 O-O 7.g3 Ne8 8.Bg2 Nd6
9.Qd3 Na6 10.b4 Bf6 11.Bb2 c5 12.dxc6 dxc6 13.O-O-O Ne8 14.Qxd8 Rxd8 15.Rxd8 Bxd8
16.Ne5 Nd6 17.Rd1 Bc7 18.Bxc6 Bxc6 19.Nxc6 Nxc4 20.Nb5 Bb8 21.Kc2 Nxb2 22.Kxb2 Nc7
23.Nxc7 Bxc7 24.Rd7 Bb8 25.Rxa7 Bc7 26.Rb7 Bd6 27.Na7 g5 28.Kb3 Be5 29.Nc6  1-0

[Event "11th Monarch Assurance"]
[Site "Port Erin IOM"]
[Date "2002.10.04"]
[Round "7"]
[White "Neverov,V"]
[Black "Sulskis,S"]
[Result "1-0"]
[WhiteElo "2587"]
[BlackElo "2576"]

1.d4 Nf6 2.c4 e6 3.Nf3 b6 4.a3 Bb7 5.Nc3 d5 6.Bg5 Be7 7.Bxf6 Bxf6 8.cxd5 exd5
9.g3 O-O 10.Bg2 Re8 11.O-O Nd7 12.Rc1 c5 13.e3 cxd4 14.Nxd4 Nc5 15.b4 Bxd4
16.exd4 Ne4 17.Re1 Qd7 18.Re3 Rac8 19.Qe1 Nxc3 20.Rcxc3 Rxe3 21.Rxe3 Kf8
22.h4 f6 23.Kh2 Re8 24.Bh3 Rxe3 25.Qxe3 Qd8 26.Bf5 h6 27.Qc1 a6 28.a4 g5
29.b5 Ke7 30.Qe3+ Kf8 31.Qe6 gxh4 32.gxh4 axb5 33.axb5 Qc7+ 34.Kg2 Kg7 35.Qd7+ Qxd7
36.Bxd7  1-0